[Event "Nacional Masters POR 2017-18"]
[Site "Cascais"]
[Date "2018.08.12"]
[Round "2"]
[White "Martins, Bruno Andre Leite"]
[Black "Santos, Antonio Pereira"]
[Result "0-1"]
[WhiteElo "2158"]
[BlackElo "2194"]
[Annotator "TA"]
[PlyCount "126"]
[EventDate "2018.08.11"]
[EventType "tourn"]
[EventCountry "POR"]
[SourceTitle "playchess.com"]
[Source "ChessBase"]
[SourceQuality "1"]

{[%evp 25,126,0,0,0,8,-53,-39,-106,-106,-110,-124,-101,-98,-100,-25,-35,-12,-32,-22,-159,-176,-252,-243,-372,-343,-452,-420,-426,-430,-379,-119,-303,-216,-423,-425,-401,-412,-430,-422,-422,-413,-359,-341,-405,-398,-393,-390,-387,-375,-371,-359,-368,-297,-622,-591,-785,-649,-1072,-1180,-29959,-29961,-29958,-29961,-6721,-6119,-2627,-2046,-29968,-29969,-29969,-29970,-29970,-29971,-29971,-29972,-29972,-29972,-29970,-29973,-29973,-29973,-29973,-29968,-29975,-29978,-29979,-29980,-29980,-29977,-29979,-29977,-29977,-29978,-29978,-29979,-29982,-29983,-29983,-29981,-29982,-29983,-29983,-29984]} 1. e4 c6 2. Nc3 d5 3. Nf3 Bg4 4. h3 Bh5 5. d4 e6 6. exd5 cxd5 7. Bb5+ Nc6 8. g4 Bg6 9. Ne5 Rc8 10. h4 f6 11. Nxg6 hxg6 12. Bd3 {B11: Caro-Kann: Two Knights Variation} (12. Qd3 Kf7 13. Be3 Bb4 14. h5 gxh5 15. gxh5 Nge7 16. a3 Bxc3+ 17. Qxc3 Qa5 18. Qxa5 Nxa5 19. Bd3 Nf5 20. b3 Nc6 21. Bxf5 exf5 {1-0 (63) Nakamura,H (2760)-Grischuk,A (2764) Beijing 2012}) 12... Kf7 13. Ne2 Bd6 {LiveBook: 3 Games} 14. c3 {The position is equal.} Nge7 15. Nf4 (15. Be3 $11) 15... Qb6 $146 ({Predecessor:} 15... Qc7 16. Qf3 Nxd4 17. cxd4 Qxc1+ 18. Rxc1 Rxc1+ 19. Ke2 Rxh1 20. Bxg6+ Nxg6 21. Nxg6 Kxg6 22. Qxh1 {1-0 (46) Rudd,J (2178)-Eggington,D Frome 2001}) 16. Qf3 ({White should try} 16. Qe2 $15 Bxf4 17. Bxf4) 16... Bxf4 $1 $17 17. Qxf4 e5 18. dxe5 Nxe5 19. Be2 {[#]} Rc4 (19... g5 $1 $17 {[%mdl 512]} 20. Qe3 (20. hxg5 Rxh1+) 20... Qc6) 20. Bxc4 $11 dxc4 21. Kf1 $1 {With the idea Qe4.} Rd8 $36 {[%mdl 2048] Hoping for ...Qc6. Black fights for an advantage.} 22. Be3 (22. Qe4 $1 $11 {keeps the balance.}) 22... Qxb2 $17 23. Kg2 {[#]} (23. Re1 {was called for.}) 23... Nd5 $1 $19 {[%cal Rd5f4]} ({Less strong is} 23... Qxc3 24. Qe4 $17) 24. Qe4 (24. Qg3 {was necessary.} Nxc3 25. Rhe1) 24... Nxc3 25. Qf4 Nd5 26. Qe4 Nxe3+ 27. Qxe3 {[#]} Nxg4 $2 (27... Rd4 $1 $19 28. Rhb1 Rxg4+ 29. Kf1 Qc2 30. Rxb7+ Kg8) 28. Qf3 $2 (28. Qf4 $17 {was forced.} Ne5 29. Rad1 Rxd1 30. Rxd1) 28... Ne5 29. Rab1 $2 (29. Qe4) 29... Qxb1 ({Worse is} 29... Nxf3 30. Rxb2 Ne5 31. Rxb7+ Ke6 32. Rxa7 $14) 30. Rxb1 Nxf3 31. Rxb7+ Ke6 32. Kxf3 {[%mdl 4096] Endgame KR-KR} Rd7 33. Rb5 Rd3+ 34. Ke2 Ra3 35. Rc5 Rxa2+ 36. Ke3 Ra3+ 37. Ke2 Rc3 38. Rc7 a5 {[%cal Ba7a5,Ba5a4,Ba4a3,Ba3a2][%mdl 32]} 39. Rxg7 $2 (39. Kd2 Rd3+ 40. Ke2) 39... a4 40. Rxg6 a3 41. Rg1 a2 42. h5 Ra3 43. Ra1 Kf5 44. f4 Kxf4 45. h6 Ke4 46. h7 Rh3 {Black mates.} 47. Rxa2 Rxh7 48. Ra6 Rh2+ 49. Kd1 f5 50. Re6+ Kd4 51. Rd6+ Kc3 52. Rf6 Rf2 53. Ke1 Rf4 54. Ke2 Kc2 55. Ke3 Re4+ 56. Kf3 Re5 57. Kf4 Re1 58. Rc6 c3 {[%cal Bc4c3,Bc3c2][%mdl 32]} 59. Kxf5 Kd2 60. Kf4 c2 61. Rd6+ Kc1 62. Kf3 Kb2 63. Rb6+ Ka3 {Precision: White = 31%, Black = 66%.} 0-1

[Event "Nacional Masters POR 2017-18"]
[Site "Cascais"]
[Date "2018.08.12"]
[Round "2"]
[White "Margarido, Jose Miguel Teixeir"]
[Black "Santos, Jose Alves"]
[Result "0-1"]
[WhiteElo "2081"]
[BlackElo "2118"]
[Annotator "NA"]
[PlyCount "78"]
[EventDate "2018.08.11"]
[EventType "tourn"]
[EventCountry "POR"]
[SourceTitle "playchess.com"]
[Source "ChessBase"]
[SourceQuality "1"]
[TimeControl "5400+30"]

1. d4 {[%emt 0:00:00]} d5 {[%emt 0:00:00]} 2. Nf3 {[%emt 0:00:10]} e6 {[%emt 0:00:14]} 3. c4 {[%emt 0:00:21]} Nf6 {[%emt 0:02:58]} 4. g3 {[%emt 0:01:51]} c6 {[%emt 0:05:03]} 5. Qc2 {[%emt 0:01:14]} Ne4 {[%emt 0:00:39]} 6. Bg2 {[%emt 0:01:27]} f5 {[%emt 0:01:22]} 7. O-O {[%emt 0:00:30]} Be7 {[%emt 0:00:30]} 8. b3 {[%emt 0:01:00]} O-O {[%emt 0:00:26]} 9. Ba3 {[%emt 0:00:41]} Bxa3 {[%emt 0:02:57]} 10. Nxa3 {[%emt 0:00:02]} Nd7 {[%emt 0:00:23]} 11. Qb2 {[%emt 0:07:06]} Rf6 {[%emt 0:08:01]} 12. Nc2 {[%emt 0:04:18]} Qe8 {[%emt 0:00:50]} 13. Nce1 {[%emt 0:04:25]} Rh6 {[%emt 0:10:09]} 14. Nd3 {[%emt 0:11:15]} g5 {[%emt 0:01:31]} 15. e3 {[%emt 0:21:56]} Nf8 {[%emt 0:05:23]} 16. Nde5 {[%emt 0:01:34]} Qh5 {[%emt 0:01:42]} 17. h3 {[%emt 0:06:18]} g4 {[%emt 0:10:08]} 18. Nd2 {[%emt 0:01:37]} gxh3 {[%emt 0:06:55]} 19. Bf3 {[%emt 0:05:40]} Qg5 {[%emt 0:00:27]} 20. Bxe4 {[%emt 0:08:33]} h2+ {[%emt 0:01:22]} 21. Kg2 {[%emt 0:02:23]} fxe4 22. Rh1 {[%emt 0:02:37]} Qh5 {[%emt 0:01:15]} 23. f3 {[%emt 0:00:21]} Ng6 {[%emt 0:00:29]} 24. Nxg6 {[%emt 0:04:00]} exf3+ {[%emt 0:01:44]} 25. Kf2 {[%emt 0:06:52]} Rxg6 {[%emt 0:03:52]} 26. Nf1 Rh6 {[%emt 0:03:50]} 27. Qb1 {[%emt 0:02:20]} e5 {[%emt 0:05:33]} 28. Rxh2 {[%emt 0:01:03]} Qxh2+ {[%emt 0:12:12]} 29. Nxh2 {[%emt 0:00:01]} Rxh2+ {[%emt 0:00:13]} 30. Kxf3 {[%emt 0:01:43]} e4+ {[%emt 0:03:11]} 31. Kf4 {[%emt 0:00:01]} Bd7 {[%emt 0:00:06]} 32. Qg1 {[%emt 0:02:14]} Rh5 {[%emt 0:02:01]} 33. g4 {[%emt 0:01:18]} Rf8+ {[%emt 0:00:20]} 34. Kg3 {[%emt 0:00:07]} Rf3+ {[%emt 0:00:02]} 35. Kg2 {[%emt 0:00:22]} Bxg4 {[%emt 0:00:06]} 36. Qe1 {[%emt 0:00:54]} Bh3+ {[%emt 0:00:32]} 37. Kg1 {[%emt 0:01:25]} Rg5+ {[%emt 0:00:42]} 38. Kh1 {[%emt 0:00:25]} Bg2+ {[%emt 0:00:08]} 39. Kg1 {[%emt 0:00:53]} Bf1+ {[%emt 0:00:05]} 0-1

[Event "Nacional Masters POR 2017-18"]
[Site "Cascais"]
[Date "2018.08.13"]
[Round "3"]
[White "Santos, Antonio Pereira"]
[Black "Padeiro, Jose Joao Tato"]
[Result "1/2-1/2"]
[WhiteElo "2194"]
[BlackElo "2241"]
[Annotator "RC"]
[PlyCount "195"]
[EventDate "2018.08.11"]
[EventType "tourn"]
[EventCountry "POR"]
[SourceTitle "playchess.com"]
[Source "ChessBase"]
[SourceQuality "1"]
[TimeControl "5400+30"]

1. d4 {[%emt 0:00:00]} Nf6 {[%emt 0:00:00]} 2. c4 {[%emt 0:00:00]} e6 {[%emt 0:00:00]} 3. Nf3 {[%emt 0:00:00]} d5 {[%emt 0:00:30]} 4. Nc3 {[%emt 0:01:22]} a6 {[%emt 0:03:32]} 5. cxd5 {[%emt 0:02:04]} exd5 {[%emt 0:00:08]} 6. Bg5 {[%emt 0:00:11]} Be7 {[%emt 0:00:48]} 7. e3 {[%emt 0:01:50]} c6 {[%emt 0:00:33]} 8. Qc2 {[%emt 0:00:10]} O-O {[%emt 0:04:22]} 9. Bd3 {[%emt 0:00:23]} Nbd7 {[%emt 0:00:11]} 10. O-O {[%emt 0:00:11]} Re8 {[%emt 0:00:18]} 11. Rab1 {[%emt 0:02:43]} Nf8 {[%emt 0:04:18]} 12. b4 {[%emt 0:00:23]} g6 {[%emt 0:00:19]} 13. a4 {[%emt 0:01:19]} Ne6 {[%emt 0:00:11]} 14. Bh4 {[%emt 0:01:18]} Ng7 {[%emt 0:00:12]} 15. b5 {[%emt 0:05:59]} axb5 {[%emt 0:00:29]} 16. axb5 {[%emt 0:00:09]} Bf5 {[%emt 0:00:16]} 17. bxc6 {[%emt 0:00:09]} bxc6 {[%emt 0:00:24]} 18. Ne5 {[%emt 0:01:47]} Rc8 {[%emt 0:03:36]} 19. Rb7 {[%emt 0:00:32]} Bxd3 {[%emt 0:03:45]} 20. Qxd3 {[%emt 0:00:12]} Rc7 {[%emt 0:00:51]} 21. Rxc7 {[%emt 0:39:30]} Qxc7 {[%emt 0:00:15]} 22. Rc1 {[%emt 0:00:02]} Qb7 {[%emt 0:01:15]} 23. Qb1 {[%emt 0:14:47]} Qa8 {[%emt 0:11:27]} 24. Qa2 {[%emt 0:08:05]} Qb7 {[%emt 0:11:53]} 25. Rb1 {[%emt 0:00:43]} Qc7 {[%emt 0:00:17]} 26. Qa6 {[%emt 0:00:28]} Nf5 {[%emt 0:04:58]} 27. Bxf6 {[%emt 0:02:32]} Bxf6 {[%emt 0:00:10]} 28. Qxc6 {[%emt 0:00:37]} Qd8 {[%emt 0:09:36]} 29. Nd7 {[%emt 0:03:34]} Re6 {[%emt 0:02:09]} 30. Qxd5 {[%emt 0:03:09]} Kg7 {[%emt 0:01:18]} 31. Rb8 {[%emt 0:05:51]} Qe7 {[%emt 0:02:48]} 32. Nxf6 {[%emt 0:00:38]} Qxf6 {[%emt 0:00:57]} 33. Qc5 {[%emt 0:01:31]} Qxd4 {[%emt 0:02:18]} 34. Qxd4+ {[%emt 0:02:05]} Nxd4 {[%emt 0:00:15]} 35. h3 {[%emt 0:00:39]} Nf5 {[%emt 0:01:31]} 36. Rb7 {[%emt 0:00:16]} h5 {[%emt 0:02:20]} 37. Kf1 {[%emt 0:02:02]} Rc6 {[%emt 0:06:26]} 38. Ne4 {[%emt 0:00:15]} Nd6 {[%emt 0:03:23]} 39. Nxd6 {[%emt 0:00:02]} Rxd6 {[%emt 0:00:05]} 40. g4 {[%emt 0:01:05]} hxg4 {[%emt 0:00:10]} 41. hxg4 {[%emt 0:00:01]} g5 {[%emt 0:00:23]} 42. Rb5 {[%emt 0:00:16]} Kg6 {[%emt 0:00:24]} 43. Ke2 {[%emt 0:00:02]} Ra6 {[%emt 0:01:00]} 44. Rd5 {[%emt 0:00:35]} f6 {[%emt 0:00:56]} 45. Kf3 {[%emt 0:00:37]} Ra2 {[%emt 0:00:32]} 46. Rd6 {[%emt 0:00:30]} Rb2 {[%emt 0:00:24]} 47. Kg3 {[%emt 0:00:35]} Rb3 {[%emt 0:00:37]} 48. Rc6 {[%emt 0:00:20]} Ra3 {[%emt 0:00:10]} 49. Kf3 {[%emt 0:00:22]} Ra2 {[%emt 0:00:16]} 50. Kg3 {[%emt 0:01:24]} Ra3 {[%emt 0:00:11]} 51. Rc2 {[%emt 0:00:11]} Rb3 {[%emt 0:00:09]} 52. Kf3 {[%emt 0:00:03]} Ra3 {[%emt 0:01:34]} 53. Rd2 {[%emt 0:00:05]} Ra4 {[%emt 0:00:21]} 54. Kg3 {[%emt 0:00:34]} Ra3 {[%emt 0:00:10]} 55. Kg2 {[%emt 0:00:35]} Rb3 {[%emt 0:00:31]} 56. Kf1 {[%emt 0:00:02]} Ra3 {[%emt 0:00:45]} 57. Ke2 {[%emt 0:00:06]} Ra4 {[%emt 0:00:16]} 58. f3 {[%emt 0:00:10]} Ra3 {[%emt 0:00:12]} 59. Rc2 {[%emt 0:00:11]} Rb3 {[%emt 0:00:15]} 60. Rc6 {[%emt 0:01:04]} Ra3 {[%emt 0:00:19]} 61. Kd2 {[%emt 0:01:04]} Rb3 {[%emt 0:00:29]} 62. Rc3 {[%emt 0:00:10]} Rb6 {[%emt 0:01:52]} 63. Kd3 {[%emt 0:00:07]} Re6 {[%emt 0:02:19]} 64. Rc5 {[%emt 0:00:29]} Ra6 {[%emt 0:00:36]} 65. Kd4 {[%emt 0:00:11]} Ra4+ {[%emt 0:00:20]} 66. Rc4 {[%emt 0:00:14]} Ra3 {[%emt 0:00:18]} 67. Ke4 {[%emt 0:00:13]} Ra8 {[%emt 0:00:47]} 68. Rc5 {[%emt 0:03:29]} Ra4+ {[%emt 0:00:48]} 69. Kd5 {[%emt 0:00:11]} Ra3 {[%emt 0:00:10]} 70. Kd4 {[%emt 0:00:02]} Ra4+ {[%emt 0:00:40]} 71. Rc4 {[%emt 0:00:03]} Ra3 {[%emt 0:00:10]} 72. Rb4 {[%emt 0:00:12]} Ra8 {[%emt 0:01:02]} 73. Rb3 {[%emt 0:02:31]} Re8 {[%emt 0:00:45]} 74. Kd5 {[%emt 0:00:13]} Ra8 {[%emt 0:01:05]} 75. Rc3 {[%emt 0:00:10]} Ra5+ {[%emt 0:00:17]} 76. Kd6 {[%emt 0:00:45]} Ra6+ {[%emt 0:00:04]} 77. Kc7 {[%emt 0:00:28]} Ra7+ {[%emt 0:00:18]} 78. Kb8 {[%emt 0:00:29]} Re7 {[%emt 0:00:49]} 79. Kc8 {[%emt 0:00:19]} Ra7 {[%emt 0:00:35]} 80. e4 {[%emt 0:00:58]} Ra8+ {[%emt 0:00:36]} 81. Kd7 {[%emt 0:00:32]} Ra7+ {[%emt 0:00:05]} 82. Kd6 {[%emt 0:00:24]} Ra6+ {[%emt 0:00:04]} 83. Rc6 {[%emt 0:00:32]} Ra3 {[%emt 0:04:31]} 84. Ke7 {[%emt 0:00:21]} Ra7+ {[%emt 0:00:12]} 85. Kd8 {[%emt 0:00:52]} Ra8+ {[%emt 0:00:34]} 86. Kc7 {[%emt 0:00:26]} Kf7 {[%emt 0:00:44]} 87. Rc3 {[%emt 0:00:23]} Ke6 {[%emt 0:01:16]} 88. Rc6+ {[%emt 0:00:17]} Ke7 {[%emt 0:00:41]} 89. Rc5 {[%emt 0:00:06]} Ra3 {[%emt 0:00:22]} 90. Rf5 {[%emt 0:00:10]} Rc3+ {[%emt 0:00:11]} 91. Kb6 {[%emt 0:00:02]} Ke6 {[%emt 0:00:09]} 92. Kb5 {[%emt 0:00:07]} Rc8 {[%emt 0:01:59]} 93. Kb4 {[%emt 0:00:25]} Rc7 {[%emt 0:00:12]} 94. Kb5 {[%emt 0:00:43]} Rc3 {[%emt 0:00:19]} 95. Kb6 {[%emt 0:00:08]} Rc8 {[%emt 0:00:35]} 96. Kb7 {[%emt 0:00:02]} Rc3 {[%emt 0:00:12]} 97. Kb8 {[%emt 0:00:03]} Rc4 {[%emt 0:00:36]} 98. Kb7 {Kd5} 1/2-1/2

[Event "Nacional Masters POR 2017-18"]
[Site "Cascais"]
[Date "2018.08.12"]
[Round "3"]
[White "Fidalgo, Andre Neves"]
[Black "Dias, Paulo"]
[Result "1-0"]
[WhiteElo "2187"]
[BlackElo "2328"]
[Annotator "RC"]
[PlyCount "105"]
[EventDate "2018.08.11"]
[EventType "tourn"]
[EventCountry "POR"]
[SourceTitle "playchess.com"]
[Source "ChessBase"]
[SourceQuality "1"]
[TimeControl "5400+30"]

1. d4 {[%emt 0:00:00]} d6 {[%emt 0:00:00]} 2. Nf3 {[%emt 0:00:07]} f5 {[%emt 0:00:37]} 3. g3 {[%emt 0:00:16]} Nf6 {[%emt 0:00:15]} 4. Bg2 {[%emt 0:00:07]} g6 {[%emt 0:00:20]} 5. O-O {[%emt 0:00:41]} Bg7 {[%emt 0:00:05]} 6. c4 {[%emt 0:00:14]} O-O {[%emt 0:00:08]} 7. Nc3 {[%emt 0:00:08]} c6 {[%emt 0:01:05]} 8. Qc2 {[%emt 0:03:12]} Na6 {[%emt 0:02:10]} 9. a3 {[%emt 0:02:50]} Qe8 {[%emt 0:00:16]} 10. e4 {[%emt 0:19:14]} e5 {[%emt 0:06:19]} 11. Re1 {[%emt 0:03:18]} exd4 {[%emt 0:13:03]} 12. exf5 {[%emt 0:07:39]} Bxf5 {[%emt 0:00:59]} 13. Rxe8 {[%emt 0:04:12]} Bxc2 {[%emt 0:00:10]} 14. Rxa8 {[%emt 0:07:12]} Rxa8 {[%emt 0:00:36]} 15. Nxd4 {[%emt 0:00:30]} Bd3 {[%emt 0:00:30]} 16. Bf1 {[%emt 0:00:30]} Nc5 {[%emt 0:00:30]} 17. Be3 {[%emt 0:23:18]} Ng4 {[%emt 0:14:12]} 18. Ne6 {[%emt 0:13:51]} Nxe6 {[%emt 0:07:39]} 19. Bxd3 {[%emt 0:00:08]} Nxe3 {[%emt 0:00:10]} 20. fxe3 {[%emt 0:00:05]} Nc5 {[%emt 0:01:04]} 21. Bc2 {[%emt 0:00:14]} Bxc3 {[%emt 0:00:25]} 22. bxc3 {[%emt 0:00:08]} Kf7 {[%emt 0:03:50]} 23. Kf2 {[%emt 0:00:28]} Ke6 {[%emt 0:00:25]} 24. Ke2 {[%emt 0:00:16]} Rf8 {[%emt 0:03:00]} 25. Rb1 {[%emt 0:00:46]} b6 {[%emt 0:00:28]} 26. Rd1 {[%emt 0:00:22]} Nd7 {[%emt 0:02:16]} 27. Be4 {[%emt 0:01:37]} Ne5 {[%emt 0:00:22]} 28. h3 {[%emt 0:00:14]} Kd7 {[%emt 0:03:09]} 29. Bd3 {[%emt 0:00:14]} Ke7 {[%emt 0:02:13]} 30. a4 {[%emt 0:00:39]} Nxd3 {[%emt 0:02:19]} 31. Rxd3 {[%emt 0:00:46]} Rf5 {[%emt 0:00:20]} 32. Rd2 {[%emt 0:00:13]} Ra5 {[%emt 0:00:48]} 33. Ra2 {[%emt 0:00:07]} b5 {[%emt 0:01:02]} 34. cxb5 {[%emt 0:00:07]} cxb5 {[%emt 0:00:05]} 35. Rb2 {[%emt 0:00:31]} bxa4 {[%emt 0:00:27]} 36. Kd3 {[%emt 0:00:28]} a3 {[%emt 0:02:57]} 37. Ra2 {[%emt 0:00:08]} Ke6 {[%emt 0:00:13]} 38. Kc4 {[%emt 0:00:12]} Ke5 {[%emt 0:00:13]} 39. Kb4 {[%emt 0:00:58]} Ra6 {[%emt 0:00:08]} 40. c4 {[%emt 0:02:30]} Ke4 {[%emt 0:00:54]} 41. c5 {[%emt 0:00:11]} dxc5+ {[%emt 0:01:30]} 42. Kxc5 {[%emt 0:01:34]} Kxe3 {[%emt 0:03:18]} 43. Kb5 {[%emt 0:00:07]} Rb6+ {[%emt 0:00:35]} 44. Kc4 {[%emt 0:00:06]} Rc6+ {[%emt 0:00:33]} 45. Kb4 {[%emt 0:00:38]} a6 {[%emt 0:00:40]} 46. Rxa3+ {[%emt 0:00:18]} Kf2 {[%emt 0:00:16]} 47. g4 {[%emt 0:01:01]} g5 {[%emt 0:01:24]} 48. Rd3 {[%emt 0:02:45]} Rf6 {[%emt 0:03:19]} 49. Rd5 {[%emt 0:01:14]} h6 {[%emt 0:00:18]} 50. Rf5+ {[%emt 0:00:11]} Kg3 {[%emt 0:03:46]} 51. Rxf6 {[%emt 0:00:06]} Kxh3 {[%emt 0:00:04]} 52. Rxh6+ {[%emt 0:00:08]} Kxg4 {[%emt 0:00:06]} 53. Kc3 {[%emt 0:01:24]} 1-0

[Event "Nacional Masters POR 2017-18"]
[Site "Cascais"]
[Date "2018.08.12"]
[Round "3"]
[White "Dias, Ivo Rodrigues"]
[Black "Martins, David Pires Tavares"]
[Result "0-1"]
[WhiteElo "2164"]
[BlackElo "2397"]
[Annotator "TA"]
[PlyCount "52"]
[EventDate "2018.08.11"]
[EventType "tourn"]
[EventCountry "POR"]
[SourceTitle "playchess.com"]
[Source "ChessBase"]
[SourceQuality "1"]

{[%evp 17,52,42,41,34,91,25,37,-12,0,0,16,0,22,-10,-16,-35,-41,-99,-79,-156,-80,-220,-120,-210,-210,-208,-213,-221,-110,-194,-190,-222,-211,-248,-176,-532,-523]} 1. e4 d6 2. d4 Nf6 3. Nc3 c6 4. f4 Qa5 5. Bd3 e5 6. Nf3 exd4 {B07: Pirc Defence: Miscellaneous Systems} (6... Bg4 7. Be3 Nbd7 8. O-O Be7 9. h3 Bxf3 10. Qxf3 Bd8 11. Ne2 O-O 12. c3 b5 13. b4 Qa4 14. a3 a5 15. Rfc1 axb4 16. cxb4 Qa6 17. a4 Re8 18. fxe5 dxe5 {1-0 (64) Bosiocic,M (2597)-Petrosian,T (2601) Tsaghkadzor 2017}) 7. Nxd4 g6 8. Nb3 Qc7 9. O-O Bg7 {LiveBook: 11 Games} 10. a4 b6 (10... O-O $14) 11. Qe2 (11. a5 $16) 11... O-O 12. Bd2 Re8 13. Qf2 Nbd7 14. Rae1 a6 $146 15. h3 Bb7 16. Bc1 b5 17. axb5 (17. Nd2 $15) 17... cxb5 $17 ({Much worse is} 17... axb5 $6 18. e5 $11) 18. Qf3 (18. f5 $142) 18... Nc5 ({Black should play} 18... b4 19. Nd5 Nxd5 20. exd5 f5 21. Rxe8+ Rxe8) 19. Nd2 (19. f5 $17 {is a better defense.}) 19... Re7 (19... b4 $19 20. Nd1 Nxd3 21. Qxd3 a5) 20. Nd1 (20. b4 $17) 20... Nxd3 $19 21. Qxd3 Rae8 {[%cal Rf6e4]} 22. Nf2 Nd7 (22... Nh5 $19 {and Black stays clearly on top.} 23. g3 {[#]} f5 $1 {[%mdl 512]} 24. Qb3+ Kh8) 23. c3 {[#]} (23. Nb3 $17 {was called for.}) 23... f5 $1 {[%cal Bf7f5,Bf5e4][%mdl 544]} 24. Re3 (24. exf5 Rxe1) 24... Nf6 {[%cal Rf5e4]} 25. Rfe1 Qc6 {[%cal Rf5e4]} 26. R3e2 $2 (26. Nb3 {is more resistant.}) 26... fxe4 {Precision: White = 10%, Black = 28%.} 0-1

[Event "Nacional Masters POR 2017-18"]
[Site "Cascais"]
[Date "2018.08.12"]
[Round "3"]
[White "Guerra, Vitor Manuel Vestia"]
[Black "Margarido, Jose Miguel Teixeir"]
[Result "0-1"]
[WhiteElo "2127"]
[BlackElo "2081"]
[Annotator "TA"]
[PlyCount "116"]
[EventDate "2018.08.11"]
[EventType "tourn"]
[EventCountry "POR"]
[SourceTitle "playchess.com"]
[Source "ChessBase"]
[SourceQuality "1"]

{[%evp 14,116,0,-11,14,-21,-24,-12,39,33,24,20,33,8,10,16,10,-4,0,0,4,-27,5,-34,-18,-54,-43,-41,0,0,-2,-44,-27,-21,17,0,0,-2,-1,-10,0,0,0,0,0,0,0,0,0,1,8,11,26,18,16,-18,0,0,16,0,58,59,74,3,53,49,39,0,4,4,12,12,20,0,41,15,15,0,21,0,0,0,0,0,0,-333,0,-454,-449,-409,-442,-429,-366,-535,-494,-719,-696,-924,-855,-1005,-888,-1354,-1336,-1116,-1061]} 1. d4 Nf6 2. c4 e6 3. Nf3 b6 4. g3 Ba6 5. Qa4 Bb7 6. Bg2 c5 7. O-O cxd4 {E15: Queen's Indian: 4 g3 sidelines, 4 g3 Ba6 and 4 g3 Bb7 early deviations} 8. Rd1 {LiveBook: 5 Games} (8. Nxd4 Bxg2 9. Kxg2 Qc8 10. Rd1 Qb7+ 11. f3 Bc5 12. Nc3 O-O 13. Bg5 Ng4 14. Ne4 h6 15. Bc1 Be7 16. Nb5 Ne5 17. Bf4 Ng6 18. Bd6 {0-1 (55) Nikolic,P (2603)-Navara,D (2734) Berlin 2015}) 8... a6 9. Rxd4 $146 ({Predecessor:} 9. Nxd4 Bxg2 10. Kxg2 Qc7 11. Nc3 Be7 12. f3 Qb7 13. Bg5 h6 14. Bxf6 Bxf6 15. Ne4 Be7 16. Rd3 {½-½ (16) Postny,E (2434)-Csom,I (2478) Budapest 2000}) 9... Bc5 {The position is equal.} 10. Rd1 Ne4 ({Black should play} 10... b5 $11 11. cxb5 Qb6) 11. e3 $14 Qc7 12. Qc2 O-O 13. Nc3 Nxc3 14. Qxc3 Be7 15. Bd2 d6 16. Rac1 Nd7 17. Qa3 Nf6 18. b4 Be4 19. Nd4 Bxg2 20. Kxg2 Qb7+ 21. f3 Rfc8 22. Qd3 d5 23. cxd5 Qxd5 (23... Nxd5 {keeps more tension.} 24. a3 b5 25. Nb3 Nb6 26. Na5 Qd5) 24. Qb3 b5 25. Qxd5 Nxd5 26. Nc6 $1 Bf8 27. e4 Nb6 {[#] aiming for ...Nc4.} 28. Na5 Na4 {...Nb2 is the strong threat.} 29. a3 Nb2 30. Rxc8 Rxc8 31. Rc1 $36 {[%mdl 2048] Black is under pressure.} Rd8 32. Rc2 Na4 $1 33. Kf2 Rd3 34. Ra2 Nc3 35. Rc2 Nb1 36. Be3 {[#] Strongly threatening Rc8.} Rc3 ({Better is} 36... f6 $11) 37. Rxc3 Nxc3 {[%mdl 4096] Endgame KBN-KBN} 38. Ke1 (38. Bd4 $16 Nb1 39. Bb2) 38... f5 39. Bd4 Na4 $1 40. e5 Be7 41. Nc6 Kf7 42. Kd2 Ke8 43. Nb8 Bd8 44. Nxa6 {next Nb8 is good for White.} Kd7 $1 45. f4 Kc6 46. Kd3 Be7 47. Nb8+ Kc7 48. Na6+ Kc6 (48... Kb7 $5 49. Nc5+ $8 Nxc5+ 50. bxc5 (50. Bxc5 Bxc5 51. bxc5 Kc6 $11) 50... Kc6 $11) 49. Ba1 $2 {[%mdl 8192]} (49. h3 $11 {and White stays safe.}) 49... Bf8 $2 (49... Kb7 $19 50. Nc5+ Nxc5+ 51. bxc5 Bxc5) 50. Kc2 $2 {[%mdl 8192]} (50. Bd4 $11) 50... Kb7 $19 51. Nc5+ Nxc5 52. bxc5 Bxc5 {KB-KB} 53. Kb3 (53. Bb2 $142 Bg1 54. h3) 53... Bg1 {Black is clearly winning.} 54. h3 (54. Bc3 $142 Bxh2 55. Be1) 54... Bh2 55. g4 {intending gxf5.} g6 56. Kb4 Kc6 57. Kc3 Bxf4 58. Kd4 Bc1 {Precision: White = 30%, Black = 49%.} 0-1

[Event "Nacional Masters POR 2017-18"]
[Site "Cascais"]
[Date "2018.08.12"]
[Round "3"]
[White "Santos, Jose Alves"]
[Black "Martins, Bruno Andre Leite"]
[Result "0-1"]
[WhiteElo "2118"]
[BlackElo "2158"]
[Annotator "TA"]
[PlyCount "86"]
[EventDate "2018.08.11"]
[EventType "tourn"]
[EventCountry "POR"]
[SourceTitle "playchess.com"]
[Source "ChessBase"]
[SourceQuality "1"]

{[%evp 21,86,4,5,0,0,-14,-2,-9,0,-41,-11,-12,-8,-63,-68,-111,-87,-97,-78,-166,-161,-177,-178,-301,-121,-115,-121,-130,-129,-131,-110,-150,-145,-137,-149,-218,-185,-205,-205,-192,-193,-232,-218,-229,-187,-222,-212,-273,-273,-390,-410,-348,-273,-329,-273,-268,-250,-308,-302,-652,-576,-29982,-29983,-29981,-29980,-29979,-6299]} 1. e4 e6 2. d4 d5 3. Nc3 Nf6 4. Bg5 dxe4 5. Nxe4 Be7 6. Nxf6+ Bxf6 7. Bxf6 Qxf6 8. c3 b6 9. Nf3 O-O 10. Be2 Nd7 11. O-O Bb7 12. Re1 {C13: French: Classical System: 4 Bg5 Be7, Alekhine-Chatard Attack} Rfd8 13. Qa4 a6 $146 ({Predecessor:} 13... Qg6 14. Nh4 Qf6 15. Bf3 c6 16. d5 cxd5 17. Be2 Nc5 18. Qg4 d4 19. Bf3 dxc3 20. bxc3 Qxc3 21. Bxb7 Nxb7 {0-1 (78) Janos,M (2230)-Smolen,J (2361) Slovakia 2012}) 14. Rad1 {The position is equal.} Rac8 15. Ne5 ({Avoid the trap} 15. Bxa6 $2 Ra8 $19) 15... Nxe5 16. dxe5 Qg5 $40 {[%csl Gb7][%cal Rg5g2][%mdl 128] Black has some attack.} 17. Qg4 (17. g3 $11) 17... Rxd1 $15 ({Weaker is} 17... Qxe5 18. Bxa6 $1 {[%mdl 512]} Qxe1+ 19. Rxe1 $16) 18. Bxd1 Qd2 {[%cal Rd2e1]} 19. Qe2 Rd8 20. Bb3 {[#]} (20. f3 $17) 20... Qg5 $1 $19 {[%csl Gb7][%cal Rg5g2]} 21. Qf1 Rd2 22. Rd1 (22. h4 {was worth a try.} Qxh4 23. Re2) 22... Rxd1 (22... Rxb2 $19 23. h4 Qxh4) 23. Bxd1 $17 Qxe5 24. h4 g6 25. Be2 Qf4 26. Bxa6 Bxa6 27. Qxa6 {[%mdl 4096] Endgame KQ-KQ} Qc1+ 28. Kh2 (28. Qf1 $17 Qxb2 29. Qc4) 28... Qxb2 $19 29. Qc8+ Kg7 30. Qxc7 Qxf2 31. Qe5+ Qf6 32. Qe1 e5 {[%cal Be6e5,Be5e4][%mdl 32]} 33. g3 Qe6 34. a4 e4 35. Qe2 (35. Qe3 {was necessary.}) 35... h5 36. c4 Kh7 37. Kg1 Qe5 38. Kg2 Qe8 39. Qa2 Qc6 40. c5 $2 (40. Qf2 Qxc4 41. Qxb6) 40... e3+ 41. Kg1 Qf3 {Black mates.} 42. Qg2 Qd1+ 43. Kh2 bxc5 {Precision: White = 22%, Black = 64%.} (43... e2 $142 44. a5 e1=Q 45. a6 Qa4 46. cxb6 Qxa6 47. Qf3 Qa2+ 48. Qg2 Qef2 49. Qxf2 Qxf2+ 50. Kh1 Qxb6 51. Kg2 Qf6 52. Kg1 Qf3 53. g4 hxg4 54. h5 gxh5 55. Kh2 g3+ 56. Kh3 Kg6 57. Kh4 Qg4#) 0-1